000 00221nam a2200085Ia 4500
008 160531s9999 xx 000 0 und d
245 _aHuman Body Maps
260 _c2013
856 _uhttp://www.healthline.com/human-body-maps
999 _c295384
_d295384